[Event "Deutsche Ländermeisterschaft 2024"]
[Site "Tübingen GER"]
[Date "2024.10.05"]
[Round "6"]
[White "Besou, Hussain"]
[Black "Pubantz, Jan"]
[Result "1/2-1/2"]
[Termination "normal"]
[Board "1.1"]
[WhiteTitle "FM"]
[WhiteElo "2350"]
[BlackElo "2318"]
[WhiteClock "00:07:30"]
[BlackClock "00:01:16"]
[WhiteTeam "Nordrhein-Westfalen"]
[BlackTeam "Niedersachsen"]
[PlyCount "82"]
[WhiteFideId "16269950"]
[BlackFideId "12996114"]
[EventCountry "GER"]
[EventRounds "7"]
[EventType "team-swiss"]
[EventDate "2024.10.02"]

1. d4 {[%clk 01:30:57]} {[%emt 00:00:02]} d5 {[%clk 01:30:58]} {[%emt
00:00:02]} 2. c4 {[%clk 01:30:57]} {[%emt 00:00:31]} c6 {[%clk 01:30:05]}
{[%emt 00:01:23]} 3. Nf3 {[%clk 01:31:08]} {[%emt 00:00:14]} Nf6 {[%clk
01:30:28]} {[%emt 00:00:12]} 4. Nc3 {[%clk 01:31:29]} {[%emt 00:00:08]} e6
{[%clk 01:30:48]} {[%emt 00:00:10]} 5. Bg5 {[%clk 01:31:48]} {[%emt 00:00:10]}
dxc4 {[%clk 01:30:37]} {[%emt 00:00:42]} 6. e4 {[%clk 01:32:01]} {[%emt
00:00:18]} b5 {[%clk 01:30:29]} {[%emt 00:00:38]} 7. e5 {[%clk 01:32:23]}
{[%emt 00:00:07]} h6 {[%clk 01:30:52]} {[%emt 00:00:08]} 8. Bh4 {[%clk
01:32:49]} {[%emt 00:00:03]} g5 {[%clk 01:31:19]} {[%emt 00:00:04]} 9. Nxg5
{[%clk 01:33:08]} {[%emt 00:00:10]} hxg5 {[%clk 01:31:43]} {[%emt 00:00:07]}
10. Bxg5 {[%clk 01:33:33]} {[%emt 00:00:04]} Be7 {[%clk 01:32:10]} {[%emt
00:00:03]} 11. exf6 {[%clk 01:33:28]} {[%emt 00:00:35]} Bxf6 {[%clk 01:32:32]}
{[%emt 00:00:08]} 12. Bxf6 {[%clk 01:28:45]} {[%emt 00:05:13]} Qxf6 {[%clk
01:32:55]} {[%emt 00:00:08]} 13. g3 {[%clk 01:28:35]} {[%emt 00:00:39]} Na6
{[%clk 01:32:17]} {[%emt 00:01:08]} 14. Bg2 {[%clk 01:20:29]} {[%emt 00:08:36]}
Bb7 {[%clk 01:32:27]} {[%emt 00:00:20]} 15. Nxb5 {[%clk 01:16:03]} {[%emt
00:04:56]} cxb5 {[%clk 01:32:04]} {[%emt 00:00:53]} 16. Bxb7 {[%clk 01:16:19]}
{[%emt 00:00:14]} Nb4 {[%clk 01:32:12]} {[%emt 00:00:22]} 17. O-O {[%clk
01:14:10]} {[%emt 00:02:37]} Rd8 {[%clk 01:29:29]} {[%emt 00:03:15]} 18. Qd2
{[%clk 01:01:07]} {[%emt 00:13:34]} Nd3 {[%clk 01:16:01]} {[%emt 00:13:58]} 19.
Bc6+ {[%clk 00:53:04]} {[%emt 00:08:32]} Kf8 {[%clk 01:15:11]} {[%emt
00:01:20]} 20. Bxb5 {[%clk 00:52:08]} {[%emt 00:01:26]} Rxd4 {[%clk 01:06:50]}
{[%emt 00:08:51]} 21. Qe2 {[%clk 00:43:59]} {[%emt 00:08:39]} Qg5 {[%clk
00:34:17]} {[%emt 00:33:03]} 22. Bc6 {[%clk 00:38:34]} {[%emt 00:05:55]} Rdh4
{[%clk 00:31:17]} {[%emt 00:03:31]} 23. Qe3 {[%clk 00:25:33]} {[%emt 00:13:31]}
Qxe3 {[%clk 00:20:44]} {[%emt 00:11:03]} 24. fxe3 {[%clk 00:25:57]} {[%emt
00:00:05]} Rxh2 {[%clk 00:21:10]} {[%emt 00:00:04]} 25. Bg2 {[%clk 00:25:33]}
{[%emt 00:00:54]} R2h5 {[%clk 00:20:00]} {[%emt 00:01:41]} 26. b3 {[%clk
00:22:14]} {[%emt 00:03:48]} Rg8 {[%clk 00:16:28]} {[%emt 00:04:02]} 27. bxc4
{[%clk 00:20:41]} {[%emt 00:02:03]} Rxg3 {[%clk 00:16:30]} {[%emt 00:00:28]}
28. Rf3 {[%clk 00:17:32]} {[%emt 00:03:39]} Rg4 {[%clk 00:11:14]} {[%emt
00:05:46]} 29. Raf1 {[%clk 00:09:11]} {[%emt 00:08:51]} Rhg5 {[%clk 00:00:35]}
{[%emt 00:11:09]} 30. Rxf7+ {[%clk 00:09:17]} {[%emt 00:00:24]} Ke8 {[%clk
00:00:51]} {[%emt 00:00:14]} 31. Rf8+ {[%clk 00:09:36]} {[%emt 00:00:11]} Ke7
{[%clk 00:01:11]} {[%emt 00:00:10]} 32. R1f7+ {[%clk 00:09:58]} {[%emt
00:00:09]} Kd6 {[%clk 00:01:40]} 33. Rd8+ {[%clk 00:10:18]} {[%emt 00:00:09]}
Ke5 {[%clk 00:01:58]} {[%emt 00:00:11]} 34. Rxd3 {[%clk 00:10:07]} {[%emt
00:00:42]} Rxg2+ {[%clk 00:02:27]} {[%emt 00:00:02]} 35. Kf1 {[%clk 00:09:28]}
{[%emt 00:01:09]} Rxa2 {[%clk 00:02:38]} {[%emt 00:00:18]} 36. Rf2 {[%clk
00:08:20]} {[%emt 00:01:38]} Ra1+ {[%clk 00:01:34]} {[%emt 00:01:34]} 37. Ke2
{[%clk 00:08:35]} {[%emt 00:00:15]} Rgg1 {[%clk 00:01:32]} {[%emt 00:00:33]}
38. Rc3 {[%clk 00:07:06]} {[%emt 00:01:59]} Rge1+ {[%clk 00:00:40]} {[%emt
00:01:21]} 39. Kf3 {[%clk 00:06:47]} {[%emt 00:00:49]} Rec1 {[%clk 00:00:35]}
{[%emt 00:00:35]} 40. Rxc1 {[%clk 00:07:06]} {[%emt 00:00:12]} Rxc1 {[%clk
00:01:02]} {[%emt 00:00:03]} 41. Ra2 {[%clk 00:07:30]} {[%emt 00:00:04]} Rxc4
{[%clk 00:01:16]} {[%emt 00:00:16]} 1/2-1/2

[Event "Deutsche Ländermeisterschaft 2024"]
[Site "Tübingen GER"]
[Date "2024.10.05"]
[Round "6"]
[White "Nechitaylo, Nikita"]
[Black "Gallasch, Jonas"]
[Result "1/2-1/2"]
[Termination "normal"]
[Board "1.2"]
[BlackTitle "FM"]
[WhiteElo "2289"]
[BlackElo "2298"]
[WhiteClock "00:31:25"]
[BlackClock "00:29:58"]
[WhiteTeam "Niedersachsen"]
[BlackTeam "Nordrhein-Westfalen"]
[PlyCount "108"]
[WhiteFideId "34138161"]
[BlackFideId "16222474"]
[EventCountry "GER"]
[EventRounds "7"]
[EventType "team-swiss"]
[EventDate "2024.10.02"]

1. d4 {[%clk 01:30:58]} {[%emt 00:00:01]} a6 {[%clk 01:30:53]} {[%emt
00:00:07]} 2. e4 {[%clk 01:30:12]} {[%emt 00:01:17]} c6 {[%clk 01:31:19]}
{[%emt 00:00:04]} 3. c4 {[%clk 01:27:23]} {[%emt 00:03:19]} d5 {[%clk
01:31:44]} {[%emt 00:00:05]} 4. exd5 {[%emt 00:00:50]} cxd5 {[%clk 01:32:10]}
{[%emt 00:00:01]} 5. Nc3 {[%clk 01:27:21]} {[%emt 00:00:15]} Nf6 {[%clk
01:32:36]} {[%emt 00:00:03]} 6. Nf3 {[%clk 01:18:02]} {[%emt 00:09:49]} Nc6
{[%clk 01:32:03]} {[%emt 00:01:03]} 7. cxd5 {[%clk 01:15:10]} {[%emt 00:03:23]}
Nxd5 {[%clk 01:31:38]} {[%emt 00:00:55]} 8. Bc4 {[%clk 01:13:58]} {[%emt
00:01:42]} Be6 {[%clk 01:32:03]} {[%emt 00:00:04]} 9. Bb3 {[%clk 01:11:51]}
{[%emt 00:02:38]} Nxc3 {[%clk 01:20:10]} {[%emt 00:12:22]} 10. bxc3 {[%clk
01:12:14]} {[%emt 00:00:07]} Bxb3 {[%clk 01:20:38]} {[%emt 00:00:03]} 11. axb3
{[%clk 01:08:01]} {[%emt 00:04:44]} e6 {[%clk 01:21:03]} {[%emt 00:00:03]} 12.
O-O {[%clk 01:04:43]} {[%emt 00:03:48]} Be7 {[%clk 01:17:51]} {[%emt 00:03:42]}
13. Qe2 {[%clk 00:57:08]} {[%emt 00:08:05]} O-O {[%clk 01:15:27]} {[%emt
00:02:54]} 14. Bf4 {[%clk 00:53:00]} {[%emt 00:04:39]} Rc8 {[%clk 01:01:23]}
{[%emt 00:14:33]} 15. Rfd1 {[%clk 00:46:29]} {[%emt 00:07:00]} Qb6 {[%clk
00:52:48]} {[%emt 00:09:06]} 16. Qb2 {[%clk 00:43:55]} {[%emt 00:03:04]} Bf6
{[%clk 00:39:17]} {[%emt 00:14:01]} 17. Ne5 {[%clk 00:35:37]} {[%emt 00:08:49]}
Bxe5 {[%clk 00:31:03]} {[%emt 00:08:44]} 18. dxe5 {[%clk 00:35:13]} {[%emt
00:00:54]} Ne7 {[%clk 00:17:12]} {[%emt 00:14:20]} 19. Be3 {[%clk 00:28:54]}
{[%emt 00:06:50]} Qc7 {[%clk 00:16:57]} {[%emt 00:00:44]} 20. c4 {[%clk
00:22:06]} {[%emt 00:07:18]} Nf5 {[%clk 00:13:55]} {[%emt 00:03:32]} 21. Bd2
{[%clk 00:19:14]} {[%emt 00:03:21]} Rfd8 {[%clk 00:13:50]} {[%emt 00:00:36]}
22. Bc3 {[%clk 00:17:37]} {[%emt 00:02:07]} h6 {[%clk 00:09:14]} {[%emt
00:05:06]} 23. h3 {[%clk 00:16:56]} {[%emt 00:01:10]} Rxd1+ {[%clk 00:05:07]}
{[%emt 00:04:38]} 24. Rxd1 {[%clk 00:17:25]} {[%emt 00:00:02]} b5 {[%clk
00:05:31]} {[%emt 00:00:05]} 25. Rc1 {[%clk 00:15:22]} {[%emt 00:02:34]} bxc4
{[%clk 00:05:32]} {[%emt 00:00:29]} 26. bxc4 {[%clk 00:15:50]} {[%emt
00:00:02]} Rb8 {[%clk 00:05:37]} {[%emt 00:00:25]} 27. Qa2 {[%clk 00:14:12]}
{[%emt 00:02:08]} Qc6 {[%clk 00:05:50]} {[%emt 00:00:17]} 28. Kh2 {[%clk
00:03:47]} {[%emt 00:10:55]} Nh4 {[%clk 00:04:49]} {[%emt 00:01:30]} 29. f3
{[%clk 00:03:32]} {[%emt 00:00:46]} Rc8 {[%clk 00:04:48]} {[%emt 00:00:31]} 30.
Be1 {[%clk 00:03:29]} {[%emt 00:00:32]} Ng6 {[%clk 00:04:51]} {[%emt 00:00:27]}
31. Bg3 {[%clk 00:03:44]} {[%emt 00:00:15]} h5 {[%clk 00:03:41]} {[%emt
00:01:40]} 32. h4 {[%clk 00:04:04]} {[%emt 00:00:11]} Rd8 {[%clk 00:02:48]}
{[%emt 00:01:23]} 33. Ra1 {[%clk 00:03:53]} {[%emt 00:00:40]} Ra8 {[%clk
00:01:44]} {[%emt 00:01:34]} 34. Qb3 {[%clk 00:03:37]} {[%emt 00:00:47]} a5
{[%clk 00:01:34]} {[%emt 00:00:40]} 35. Qb5 {[%clk 00:04:02]} {[%emt 00:00:05]}
Qxb5 {[%clk 00:02:00]} {[%emt 00:00:04]} 36. cxb5 {[%clk 00:04:31]} {[%emt
00:00:01]} Ne7 {[%clk 00:02:16]} {[%emt 00:00:14]} 37. Ra4 {[%clk 00:04:35]}
{[%emt 00:00:25]} Nd5 {[%clk 00:01:21]} {[%emt 00:01:25]} 38. Be1 {[%clk
00:04:58]} {[%emt 00:00:07]} Nc7 {[%clk 00:01:09]} {[%emt 00:00:42]} 39. b6
{[%clk 00:03:58]} {[%emt 00:01:30]} Nd5 {[%clk 00:01:35]} {[%emt 00:00:04]} 40.
Rxa5 {[%clk 00:02:48]} {[%emt 00:01:41]} Rb8 {[%clk 00:01:47]} {[%emt
00:00:18]} 41. Bf2 {[%clk 00:03:04]} {[%emt 00:00:13]} Nxb6 {[%clk 00:02:09]}
{[%emt 00:00:09]} 42. Bxb6 {[%clk 00:03:32]} {[%emt 00:00:01]} Rxb6 {[%clk
00:02:38]} 43. g4 {[%clk 00:00:58]} {[%emt 00:03:04]} hxg4 {[%clk 00:27:03]}
{[%emt 00:06:05]} 44. fxg4 {[%clk 00:31:26]} {[%emt 00:00:02]} Rb3 {[%clk
00:27:22]} {[%emt 00:00:11]} 45. Ra8+ {[%clk 00:31:09]} {[%emt 00:00:48]} Kh7
{[%clk 00:27:41]} {[%emt 00:00:11]} 46. Ra7 {[%clk 00:31:34]} {[%emt 00:00:05]}
Kg6 {[%clk 00:27:55]} {[%emt 00:00:15]} 47. h5+ {[%clk 00:31:26]} {[%emt
00:00:37]} Kg5 {[%clk 00:28:21]} {[%emt 00:00:05]} 48. Rxf7 {[%clk 00:31:42]}
{[%emt 00:00:14]} Kxg4 {[%clk 00:28:46]} {[%emt 00:00:05]} 49. Rxg7+ {[%clk
00:31:14]} {[%emt 00:00:59]} Kxh5 {[%clk 00:28:50]} {[%emt 00:00:25]} 50. Kg2
{[%clk 00:30:30]} {[%emt 00:01:14]} Re3 {[%clk 00:28:53]} {[%emt 00:00:27]} 51.
Rg8 {[%clk 00:30:32]} {[%emt 00:00:28]} Rxe5 {[%clk 00:29:12]} {[%emt
00:00:11]} 52. Kf3 {[%clk 00:30:56]} {[%emt 00:00:05]} Rg5 {[%clk 00:29:20]}
{[%emt 00:00:23]} 53. Rxg5+ {[%clk 00:30:59]} {[%emt 00:00:27]} Kxg5 {[%clk
00:29:49]} {[%emt 00:00:01]} 54. Ke4 {[%clk 00:31:25]} {[%emt 00:00:05]} Kf6
{[%clk 00:29:58]} {[%emt 00:00:20]} 1/2-1/2

[Event "Deutsche Ländermeisterschaft 2024"]
[Site "Tübingen GER"]
[Date "2024.10.05"]
[Round "6"]
[White "Klaska, Philipp Leon"]
[Black "Sauer, Tim"]
[Result "1-0"]
[Termination "normal"]
[Board "1.3"]
[WhiteElo "2281"]
[BlackElo "2081"]
[WhiteClock "00:01:36"]
[BlackClock "00:00:56"]
[WhiteTeam "Nordrhein-Westfalen"]
[BlackTeam "Niedersachsen"]
[PlyCount "91"]
[WhiteFideId "16238044"]
[BlackFideId "16265726"]
[EventCountry "GER"]
[EventRounds "7"]
[EventType "team-swiss"]
[EventDate "2024.10.02"]

1. e4 {[%clk 01:30:56]} {[%emt 00:00:04]} c5 {[%clk 01:30:51]} {[%emt
00:00:09]} 2. Nf3 {[%clk 01:31:19]} {[%emt 00:00:07]} g6 {[%clk 01:31:14]}
{[%emt 00:00:07]} 3. d4 {[%clk 01:31:44]} cxd4 {[%clk 01:31:40]} {[%emt
00:00:08]} 4. Nxd4 {[%clk 01:32:11]} {[%emt 00:00:04]} Bg7 {[%clk 01:32:05]}
{[%emt 00:00:06]} 5. c4 {[%clk 01:32:33]} {[%emt 00:00:07]} Nc6 {[%clk
01:32:29]} {[%emt 00:00:05]} 6. Be3 {[%clk 01:32:58]} Nf6 {[%clk 01:32:29]} 7.
Nc3 {[%clk 01:32:58]} O-O {[%clk 01:32:29]} 8. Be2 {[%clk 01:32:58]} d6 {[%clk
01:33:27]} {[%emt 00:00:53]} 9. Qd2 {[%clk 01:33:10]} {[%emt 00:01:04]} Bd7 10.
f3 {[%emt 00:01:43]} Nxd4 {[%emt 00:00:30]} 11. Bxd4 {[%emt 00:00:12]} a5
{[%emt 00:04:54]} 12. g4 {[%emt 00:24:24]} e5 {[%clk 01:09:26]} {[%emt
00:00:01]} 13. Be3 {[%emt 00:03:15]} Be6 {[%emt 00:21:44]} 14. O-O-O {[%clk
00:54:15]} {[%emt 00:11:06]} Rc8 {[%clk 00:38:46]} 15. Qxd6 {[%clk 00:54:15]}
Qxd6 {[%clk 00:38:46]} {[%emt 00:32:16]} 16. Rxd6 {[%emt 00:01:24]} Bxc4 {[%clk
00:37:53]} {[%emt 00:00:01]} 17. Bxc4 {[%clk 00:54:44]} {[%emt 00:00:28]} Rxc4
{[%clk 00:38:15]} {[%emt 00:00:09]} 18. Kb1 {[%clk 00:54:07]} {[%emt 00:01:07]}
Rfc8 {[%clk 00:19:32]} {[%emt 00:19:12]} 19. Rhd1 {[%clk 00:49:45]} {[%emt
00:04:51]} Ne8 {[%clk 00:09:55]} {[%emt 00:10:09]} 20. Rd7 {[%clk 00:31:06]}
{[%emt 00:19:09]} Rb8 {[%clk 00:01:20]} {[%emt 00:09:04]} 21. Ba7 {[%clk
00:27:06]} {[%emt 00:04:30]} Ra8 {[%clk 00:01:42]} {[%emt 00:00:08]} 22. Rxb7
{[%clk 00:24:24]} {[%emt 00:03:12]} Bf8 {[%clk 00:01:13]} {[%emt 00:01:00]} 23.
Rb8 {[%clk 00:21:55]} {[%emt 00:02:58]} Rc8 {[%clk 00:00:47]} {[%emt 00:00:56]}
24. Rxa8 {[%clk 00:16:18]} {[%emt 00:06:07]} Rxa8 {[%clk 00:01:12]} {[%emt
00:00:05]} 25. Bb6 {[%clk 00:16:44]} {[%emt 00:00:04]} Ra6 {[%clk 00:00:36]}
{[%emt 00:01:06]} 26. Rd8 {[%clk 00:14:26]} {[%emt 00:02:49]} Ng7 {[%clk
00:00:41]} {[%emt 00:00:25]} 27. Nd5 {[%clk 00:11:07]} {[%emt 00:03:47]} Ne6
{[%clk 00:00:49]} {[%emt 00:00:23]} 28. Rc8 {[%clk 00:09:47]} {[%emt 00:01:50]}
Kg7 {[%clk 00:00:47]} {[%emt 00:00:33]} 29. Bd8 {[%clk 00:08:38]} {[%emt
00:01:39]} Nxd8 {[%clk 00:00:35]} {[%emt 00:00:41]} 30. Rxd8 {[%clk 00:09:06]}
{[%emt 00:00:02]} h6 {[%clk 00:00:33]} {[%emt 00:00:33]} 31. Rc8 {[%clk
00:08:37]} {[%emt 00:00:58]} Ra7 {[%clk 00:00:33]} {[%emt 00:00:31]} 32. Kc2
{[%clk 00:07:57]} {[%emt 00:01:10]} a4 {[%clk 00:00:39]} {[%emt 00:00:23]} 33.
h3 {[%clk 00:07:42]} {[%emt 00:00:46]} a3 {[%clk 00:00:34]} {[%emt 00:00:35]}
34. b4 {[%clk 00:07:38]} {[%emt 00:00:33]} f5 {[%clk 00:00:54]} {[%emt
00:00:10]} 35. b5 {[%clk 00:06:32]} {[%emt 00:01:37]} fxg4 {[%clk 00:00:48]}
{[%emt 00:00:36]} 36. fxg4 {[%clk 00:04:42]} {[%emt 00:02:20]} Rf7 {[%clk
00:00:54]} {[%emt 00:00:23]} 37. Rc7 {[%clk 00:04:18]} {[%emt 00:00:55]} Rxc7+
{[%clk 00:00:46]} {[%emt 00:00:38]} 38. Nxc7 {[%clk 00:04:41]} {[%emt
00:00:07]} Kf7 {[%clk 00:01:06]} {[%emt 00:00:09]} 39. Nd5 {[%clk 00:03:53]}
{[%emt 00:01:18]} Bd6 {[%clk 00:00:44]} {[%emt 00:00:52]} 40. Kb3 {[%clk
00:02:42]} {[%emt 00:01:41]} Ke6 {[%clk 00:00:34]} {[%emt 00:00:40]} 41. Ka4
{[%clk 00:02:30]} {[%emt 00:00:42]} h5 {[%clk 00:00:34]} {[%emt 00:00:30]} 42.
b6 {[%clk 00:02:10]} {[%emt 00:00:51]} hxg4 {[%clk 00:00:43]} {[%emt 00:00:21]}
43. hxg4 {[%clk 00:02:38]} Kd7 {[%clk 00:01:00]} {[%emt 00:00:13]} 44. Kb5
{[%clk 00:02:59]} {[%emt 00:00:09]} Bb8 {[%clk 00:01:14]} {[%emt 00:00:16]} 45.
b7 {[%clk 00:01:49]} {[%emt 00:01:40]} Bd6 {[%clk 00:00:56]} {[%emt 00:00:48]}
46. Nf6+ {[%clk 00:01:36]} {[%emt 00:00:42]} 1-0

[Event "Deutsche Ländermeisterschaft 2024"]
[Site "Tübingen GER"]
[Date "2024.10.05"]
[Round "6"]
[White "Kieselbach, Jannik"]
[Black "Möller, Maurin"]
[Result "1/2-1/2"]
[Termination "normal"]
[Board "1.4"]
[WhiteElo "2014"]
[BlackElo "2138"]
[WhiteClock "00:18:17"]
[BlackClock "00:26:58"]
[WhiteTeam "Niedersachsen"]
[BlackTeam "Nordrhein-Westfalen"]
[PlyCount "70"]
[WhiteFideId "16246403"]
[BlackFideId "16265696"]
[EventCountry "GER"]
[EventRounds "7"]
[EventType "team-swiss"]
[EventDate "2024.10.02"]

1. e4 {[%clk 01:30:56]} {[%emt 00:00:02]} c5 {[%clk 01:30:41]} {[%emt
00:00:21]} 2. c3 {[%clk 01:30:58]} {[%emt 00:00:27]} d5 {[%clk 01:24:41]}
{[%emt 00:06:30]} 3. exd5 {[%clk 01:31:16]} {[%emt 00:00:12]} Qxd5 {[%clk
01:25:06]} {[%emt 00:00:05]} 4. Nf3 {[%clk 01:31:20]} {[%emt 00:00:25]} Nc6
{[%clk 01:24:48]} {[%emt 00:00:50]} 5. d4 {[%clk 01:31:37]} {[%emt 00:00:12]}
cxd4 {[%clk 01:25:08]} {[%emt 00:00:11]} 6. cxd4 {[%clk 01:31:51]} {[%emt
00:00:15]} e5 {[%clk 01:25:30]} {[%emt 00:00:09]} 7. Nc3 {[%clk 01:31:51]}
{[%emt 00:00:27]} Bb4 {[%clk 01:25:43]} {[%emt 00:00:19]} 8. Bd2 {[%clk
01:32:05]} {[%emt 00:00:15]} Bxc3 {[%clk 01:26:07]} {[%emt 00:00:08]} 9. Bxc3
{[%clk 01:32:27]} {[%emt 00:00:07]} e4 {[%clk 01:26:33]} {[%emt 00:00:04]} 10.
Ne5 {[%clk 01:32:41]} {[%emt 00:00:15]} Nxe5 {[%clk 01:26:59]} {[%emt
00:00:05]} 11. dxe5 {[%clk 01:33:00]} {[%emt 00:00:10]} Ne7 {[%clk 01:27:26]}
{[%emt 00:00:04]} 12. Qa4+ {[%clk 01:32:45]} {[%emt 00:00:44]} Bd7 {[%clk
01:14:34]} {[%emt 00:13:24]} 13. Qa3 {[%clk 01:32:07]} {[%emt 00:01:07]} Qe6
{[%clk 01:13:35]} {[%emt 00:01:29]} 14. Be2 {[%clk 01:23:47]} {[%emt 00:08:49]}
O-O {[%clk 01:11:24]} {[%emt 00:02:42]} 15. O-O {[%clk 01:21:28]} {[%emt
00:02:48]} Nf5 {[%clk 01:08:48]} {[%emt 00:03:08]} 16. Bg4 {[%clk 01:13:32]}
{[%emt 00:08:25]} Qg6 {[%clk 01:07:18]} {[%emt 00:02:00]} 17. Bxf5 {[%clk
01:13:10]} {[%emt 00:00:51]} Bxf5 {[%clk 01:07:41]} {[%emt 00:00:08]} 18. Qd6
{[%clk 00:53:40]} {[%emt 00:20:00]} Be6 {[%clk 01:03:15]} {[%emt 00:04:56]} 19.
Rfe1 {[%clk 00:48:09]} {[%emt 00:06:00]} h5 {[%clk 00:54:47]} {[%emt 00:08:59]}
20. Qd4 {[%clk 00:43:34]} {[%emt 00:05:05]} Bf5 {[%clk 00:53:14]} {[%emt
00:02:03]} 21. Qd6 {[%clk 00:38:58]} {[%emt 00:05:05]} Qg4 {[%clk 00:50:33]}
{[%emt 00:03:12]} 22. Qd1 {[%clk 00:38:51]} {[%emt 00:00:37]} Qh4 {[%clk
00:48:11]} {[%emt 00:02:52]} 23. Qe2 {[%clk 00:37:01]} {[%emt 00:02:20]} Rfe8
{[%clk 00:40:09]} {[%emt 00:08:32]} 24. Qe3 {[%clk 00:35:31]} {[%emt 00:02:00]}
Re6 {[%clk 00:40:26]} {[%emt 00:00:13]} 25. Qg3 {[%clk 00:27:07]} {[%emt
00:08:53]} Qxg3 {[%clk 00:40:22]} {[%emt 00:00:34]} 26. hxg3 {[%clk 00:27:16]}
{[%emt 00:00:21]} Rd8 {[%clk 00:40:35]} {[%emt 00:00:18]} 27. Red1 {[%clk
00:25:54]} {[%emt 00:01:52]} Rd3 {[%clk 00:40:37]} {[%emt 00:00:28]} 28. Rxd3
{[%clk 00:24:20]} {[%emt 00:02:04]} exd3 {[%clk 00:41:01]} {[%emt 00:00:06]}
29. f3 {[%clk 00:23:40]} {[%emt 00:01:10]} Rb6 {[%clk 00:31:15]} {[%emt
00:10:16]} 30. Rd1 {[%clk 00:22:08]} {[%emt 00:02:02]} Kf8 {[%clk 00:31:12]}
{[%emt 00:00:34]} 31. Kf2 {[%clk 00:21:59]} {[%emt 00:00:38]} Ke7 {[%clk
00:31:29]} {[%emt 00:00:13]} 32. Ke3 {[%clk 00:21:20]} {[%emt 00:01:08]} Ke6
{[%clk 00:31:40]} {[%emt 00:00:20]} 33. Rh1 {[%clk 00:20:45]} {[%emt 00:01:04]}
Bg6 {[%clk 00:30:52]} {[%emt 00:01:19]} 34. Rh4 {[%clk 00:20:30]} {[%emt
00:00:44]} Rb5 {[%clk 00:29:30]} {[%emt 00:01:54]} 35. Rb4 {[%clk 00:18:17]}
{[%emt 00:02:42]} Rxb4 {[%clk 00:26:58]} {[%emt 00:03:02]} 1/2-1/2